Регионална библиотека "Любен Каравелов" - Русе

Ангел Тодоров (Запис номер 182275)

MARC детайли
000 -Лидер
Контролно поле с фиксирана дължина 01694nam a2200397 c 4500
003 - Код на организацията, давaща контролен номер
Контролно поле BLK
005 - Дата и час на последна редакция
Контролно поле 20240623004013.0
008 - Елементи от данни с фиксирана дължина
fixed length control field 180411b bul|||||r ||||||| ||bul||
010 ## - Наследен системен номер
LC control number KNG00191198000
040 ## - Източник на каталожния запис
Идентификатор на билиотеката - собственик на записа BLK
041 ## - Код за език
Код за езика на текст/звукозапис или на отделно заглавие Български
Код за езика КДБФ Български
080 ## - УДК
Текстов определител УДК Българска литература
УДК код - определител по УДК 821.163.2
УДК определител (092)
УДК - код + определител 821.163.2(092)
080 ## - УДК
Текстов определител УДК Ангел Тодоров Тошков. Български поет, преводач, публицист и общественик
УДК код - определител по УДК 929 Тодоров, Ангел
УДК определител
УДК - код + определител 929 Тодоров, Ангел
100 1# - Редна дума - Автор
Автор Григоров, Георги Марков
Авторска отговорност първи автор
R(LIN) 251748
139 ## - Редно поле
Редна дума Григоров, Георги Марков
Авторски знак Тодо - Т 64
245 10 - Сведения за заглавието
Заглавие Ангел Тодоров
Подзаглавни данни Разговори и беседи
Редно поле (дума) Георги Марков Григоров.
257 ## - Страна на издаване
Страна на създаване/издаване България
260 ## - Област на издателските данни
-- София
Име на издателя, разпространителя и проч. Бълг. писател
Година на издаване 1986
Печатница Враца : В. Александров
300 ## - Физическа характеристика
Страници 232 с., 6 л.
Илюстрации и др. ил., портр.
Размери/Мащаб 20 см
380 ## - Жанр
Жанр Литературознание
490 1# - СЕРИИ (Колекции)
Име на серия Литературни анкети
500 ## - Общи забележки
Забележка Именен показалец
600 14 - Име на лице, използвано като предмет
За него / За нея Тодоров, Ангел
9 (RLIN) 342881
650 #0 - Допълнително описание по предмет – тема
Основно описание – тема или топоним Писатели, български - биографии
9 (RLIN) 243085
650 #4 - Допълнително описание по предмет – тема
Основно описание – тема или топоним Тодоров, Ангел
9 (RLIN) 342881
653 ## - Ключова дума – ненормативна
Ключова дума Ангел Тодоров
653 ## - Ключова дума – ненормативна
Ключова дума български писатели
653 ## - Ключова дума – ненормативна
Ключова дума литературна критика
653 ## - Ключова дума – ненормативна
Ключова дума биографии
852 ## - Местоположение
Форматна сигнатура Цб 142894
856 4# - Електронен адрес и достъп
Електронен формат pdf - файл
Път до файла /url/
856 4# - Електронен адрес и достъп
Електронен формат pdf - файл
Път до файла /url/
942 ## - АРТИКУЛИ
Вид на библиотечния материал Книги
Скрит в OPAC Не
944 ## - СЪЗДАВАНЕ И РЕДАКЦИЯ на ЗАПИСА
Създаване/Редакция Създаване
Дата на регистрацията/редакция 30.09.2016
Служител, извършил регистрацията/редакцията
Статус, дата на статуса CRON CRON
944 ## - СЪЗДАВАНЕ И РЕДАКЦИЯ на ЗАПИСА
Създаване/Редакция Редакция
Дата на регистрацията/редакция 30.09.2016
Служител, извършил регистрацията/редакцията Христина_Везирева
999 ## - СИСТЕМНИ КОНТРОЛНИ НОМЕРА
Koha biblionumber 182275
Koha biblioitemnumber 182275
Наличности
Код за отписване Код за изгубен артикул Източник на класификационната схема Код за повреда Коз за рестрикции Код за отдаване Артикулен № Име на библиотеката - собственик Име на библиотеката, в която се намира в момента Статус (Текущо местоположение) Дата на вписване в системата Местоположение - отдел Цена в лева Инвентарен номер Систематично азбучна сигнатура Баркод Номер на екземпляра Цена в евро Служебна бележка Служебен тип на артикула
  Не е изгубен Universal Decimal Classification Не е повреден само за читалня ползва се в читалня 312783 Регионална библиотека "Любен Каравелов" Русе Регионална библиотека "Любен Каравелов" Русе Хранилище 1986-01-01 Хранилище 1.85 451528 Цб 142894 120000451528 1 0.95 Вид: Сф N: стар фонд Дата: 01.01.1986 Книги
Изтеглен Не е изгубен Universal Decimal Classification Не е повреден без рестрикции заемане за дома 312784 Регионална библиотека "Любен Каравелов" Русе Регионална библиотека "Любен Каравелов" Русе Заемна - подръчен фонд 1986-01-01 Заемна - подръчен фонд 1.85 456417 П 886.7(092)/Т 64 456417 2 0.95 Вид: Сф N: стар фонд Дата: 01.01.1986 Дата инв: 07.02.2018 Бележки инв: П2018 Книги
Vip Innovations Ltd, Rousse, Bulgaria 2025